| 000 | 00352nam a22001097a 4500 | ||
|---|---|---|---|
| 008 | 230814b |||||||| |||| 00| 0 eng d | ||
| 022 | _a0031-7454 | ||
| 040 |
_aNational Science Library _cNational Science Library |
||
| 245 | _aPhilippine agriculturist | ||
| 260 |
_aPhilippines: _bThe College of Agriculture and Central Experiment Station, |
||
| 942 | _cCR | ||
| 999 |
_c58665 _d58665 |
||